LEADER 01290nam--2200397---450- 001 990001521490203316 005 20050405124819.0 035 $a000152149 035 $aUSA01000152149 035 $a(ALEPH)000152149USA01 035 $a000152149 100 $a20040322d1931----km-y0itay0103----ba 101 0 $aita 102 $aIT 105 $aa|||||||001yy 200 1 $aCristoforo Colombo nella leggenda e nella storia$eedizione definitiva$fCesare De Lollis$gprefazione di R. Almagia$econ appendice di altri scritti colombiani 210 $aMilano [etc.]$cLa Cultura$d1931 215 $aXXVI, 425 p.$c5 tav.$d20 cm. 225 2 $aOpere di Cesare De Lollis$v1 410 0$12001$aOpere di Cesare De Lollis$v1 454 1$12001 461 1$1001-------$12001 600 $aColombo, Cristoforo 676 $a923.9 700 1$aDE LOLLIS,$bCesare$0137508 702 1$aALMAGIA,$bR. 801 0$aIT$bsalbc$gISBD 912 $a990001521490203316 951 $aIII.1. 2948/1(III D cont. 4/1)$b46981 L.M.$cIII D 959 $aBK 969 $aUMA 979 $aSIAV8$b10$c20040322$lUSA01$h1141 979 $aPATRY$b90$c20040406$lUSA01$h1746 979 $aCOPAT2$b90$c20050405$lUSA01$h1248 996 $aCristoforo Colombo nella leggenda e nella storia$9205071 997 $aUNISA